banner-ar

CULTURAL FORUM : HUNDRED YEARS OF INDIAN ARCHAEOLOGY / (Record no. 12135)

MARC details
000 -الفاتح
حقل البيانات ثابتة الطول 00530nam a2200169Ia 4500
008 - عناصر البيانات ثابتة الطول - معلومات عامة
حقل البيانات ثابتة الطول 140319s9999 xx 000 0 eng d
040 ## - مصدر الفهرسة
وكالة الفهرسة الأصلية GCL /
وكالة النسخ GCL
082 04 - رقم تصنيف ديوى العشرى
رقم التصنيف 934
رقم المادة M C
100 1# - المدخل الرئيسى - إسم شخصى
الإسم الشخصى MINISTRY OF SCIENTIFIC RESEARCH AND CUTU
245 10 - بيان العنوان
العنوان CULTURAL FORUM : HUNDRED YEARS OF INDIAN ARCHAEOLOGY /
بيان المسئوليه,etc MINISTRY OF SCIENTIFIC RESEARCH AND CUTU
260 ## - PUBLICATION, DISTRIBUTION, ETC. (IMPRINT)
تاريخ النشر أو التوزيع 1961
300 ## - الوصف المادى
التعداد 85 P P
650 04 - المدخل الاضافى بالموضوع-مصطلح موضوعى
مصطلح موضوعي INDIA
650 04 - المدخل الاضافى بالموضوع-مصطلح موضوعى
مصطلح موضوعي ARCHAEOLOGY - INDIA
942 ## - عناصر المدخل الإضافي( كوها)
مصدر التصنيف او مخطط الترفيف Dewey Decimal Classification
Koha [default] item type كتاب
260 ## - PUBLICATION, DISTRIBUTION, ETC. (IMPRINT)
-- [S.N] :
-- MINISTRY OF SCIENTIFIC RESEARCH CULTURAL ،
Holdings
حالة التراجع حالة الفقد حالة تلف ليس للاعارة المكان المؤقت الموقع الحالى تاريخ الاكتساب اجمالي اﻻعارات رقم الطلب الباركود تاريخ اخر مشاهدة تاريخ تفعيل السعر نوع وعاء كوها
        مكتبة القاهرة الكبرى مكتبة القاهرة الكبرى 03/26/2014   934\M C 23718 03/26/2014 03/26/2014 كتاب

Powered By

EGPV